Listening to the loom (Record no. 161058)

MARC details
000 -LEADER
fixed length control field 00620nam a2200217Ia 4500
003 - CONTROL NUMBER IDENTIFIER
control field OSt
005 - DATE AND TIME OF LATEST TRANSACTION
control field 20251010175409.0
008 - FIXED-LENGTH DATA ELEMENTS--GENERAL INFORMATION
fixed length control field 210423s9999 xx 000 0 und d
020 ## - INTERNATIONAL STANDARD BOOK NUMBER
International Standard Book Number 817824330x,
040 ## - CATALOGING SOURCE
Transcribing agency AL
041 ## - LANGUAGE CODE
Language code of text/sound track or separate title English
082 ## - DEWEY DECIMAL CLASSIFICATION NUMBER
Classification number 801.954
Item number NAGL
100 ## - MAIN ENTRY--PERSONAL NAME
Personal name Nagaraj D R
9 (RLIN) 93021
245 ## - TITLE STATEMENT
Title Listening to the loom
Remainder of title : essays on literature politics and violence
260 ## - PUBLICATION, DISTRIBUTION, ETC.
Name of publisher, distributor, etc. Permanent Black
Place of publication, distribution, etc. New Delhi
Date of publication, distribution, etc. 2013
300 ## - PHYSICAL DESCRIPTION
Extent xiii,365
Other physical details PB
365 ## - TRADE PRICE
Price amount 750
Currency code INR
650 ## - SUBJECT ADDED ENTRY--TOPICAL TERM
Topical term or geographic name entry element Literary Theory
9 (RLIN) 93022
906 ## - LOCAL DATA ELEMENT F, LDF (RLIN)
a essays ; Listening ; literature ; loom: ; politics ; violence
942 ## - ADDED ENTRY ELEMENTS (KOHA)
Source of classification or shelving scheme Dewey Decimal Classification
Koha item type Book
Holdings
Withdrawn status Lost status Source of classification or shelving scheme Damaged status Not for loan Collection code Home library Current library Date acquired Source of acquisition Cost, normal purchase price Total Checkouts Full call number Barcode Date last seen Price effective from Koha item type
    Dewey Decimal Classification     MA English St Aloysius PG Library St Aloysius PG Library 03/05/2013 Athulya Books 750.00   801.954 NAGL PG007539 08/24/2022 04/26/2021 Book